<?xml version="1.0" encoding="UTF-8"?>
<record
    xmlns:xsi="http://www.w3.org/2001/XMLSchema-instance"
    xsi:schemaLocation="http://www.loc.gov/MARC21/slim http://www.loc.gov/standards/marcxml/schema/MARC21slim.xsd"
    xmlns="http://www.loc.gov/MARC21/slim">

  <leader>01851nam a22002177a 4500</leader>
  <controlfield tag="005">20230110103430.0</controlfield>
  <controlfield tag="008">230110b           ||||| |||| 00| 0 eng d</controlfield>
  <datafield tag="020" ind1=" " ind2=" ">
    <subfield code="a">9788131607510</subfield>
  </datafield>
  <datafield tag="040" ind1=" " ind2=" ">
    <subfield code="c">AL</subfield>
  </datafield>
  <datafield tag="041" ind1=" " ind2=" ">
    <subfield code="a">eng</subfield>
  </datafield>
  <datafield tag="082" ind1=" " ind2=" ">
    <subfield code="2">23</subfield>
    <subfield code="a">361.92</subfield>
    <subfield code="b">LOHS</subfield>
  </datafield>
  <datafield tag="100" ind1=" " ind2=" ">
    <subfield code="a">Roger A Lohmann</subfield>
    <subfield code="9">69041</subfield>
  </datafield>
  <datafield tag="245" ind1=" " ind2=" ">
    <subfield code="a">Social Administration</subfield>
  </datafield>
  <datafield tag="260" ind1=" " ind2=" ">
    <subfield code="a">New Delhi</subfield>
    <subfield code="b">Rawat Publications</subfield>
    <subfield code="c">2015</subfield>
  </datafield>
  <datafield tag="300" ind1=" " ind2=" ">
    <subfield code="a">xvi,620p.</subfield>
    <subfield code="b">HB</subfield>
    <subfield code="c">24x16.4cm.</subfield>
  </datafield>
  <datafield tag="365" ind1=" " ind2=" ">
    <subfield code="2">General</subfield>
    <subfield code="a">1835</subfield>
    <subfield code="b">&#x20B9;1611.00</subfield>
    <subfield code="c">&#x20B9;</subfield>
    <subfield code="d">&#x20B9;1895.00</subfield>
    <subfield code="e">15%</subfield>
    <subfield code="f">12-12-2022</subfield>
  </datafield>
  <datafield tag="520" ind1=" " ind2=" ">
    <subfield code="a">By making explicit linkages both to social work practice and to the history of management thought, covering the rapidly expanding field of nonprofit studies, and incorporating management approaches from Henri Fayol's principles to Total Quality Management, this pioneering work grounds the practice of social administration in the profession of social work and agency-based practice better than any text presently available. The book also addresses ways in which the strategic vision of social administrators can be used to build humane and lasting welfare institutions, further social justice, and confront oppression.
To accomplish this task, the authors blend several perspectives: social administration as management, as a form of social work practice emphasizing professional and community leadership, as decision making influenced by values and ethics and as institution building. Divided into an introduction, an afterword, and twenty-five topical chapters, Social Administration discusses issues of executive and program leadership as well as such environmental concerns as community, social agency, and a range of special topics, including accountability, ethics, contracting, and working with boards.

</subfield>
  </datafield>
  <datafield tag="650" ind1=" " ind2=" ">
    <subfield code="2">Social Problems</subfield>
    <subfield code="a">Social Problems and Services</subfield>
    <subfield code="9">69042</subfield>
  </datafield>
  <datafield tag="700" ind1=" " ind2=" ">
    <subfield code="a">Lohmann, Nancy</subfield>
    <subfield code="9">69043</subfield>
  </datafield>
  <datafield tag="942" ind1=" " ind2=" ">
    <subfield code="2">ddc</subfield>
    <subfield code="c">BK</subfield>
  </datafield>
  <datafield tag="999" ind1=" " ind2=" ">
    <subfield code="c">226361</subfield>
    <subfield code="d">226361</subfield>
  </datafield>
  <datafield tag="952" ind1=" " ind2=" ">
    <subfield code="0">0</subfield>
    <subfield code="1">0</subfield>
    <subfield code="2">ddc</subfield>
    <subfield code="4">0</subfield>
    <subfield code="7">0</subfield>
    <subfield code="8">MSW</subfield>
    <subfield code="a">SACPG</subfield>
    <subfield code="b">SACPG</subfield>
    <subfield code="d">2023-01-07</subfield>
    <subfield code="e">Vidya Vihar</subfield>
    <subfield code="g">1611.00</subfield>
    <subfield code="l">1</subfield>
    <subfield code="o">361.92 LOHS</subfield>
    <subfield code="p">PG024172</subfield>
    <subfield code="r">2024-12-09 00:00:00</subfield>
    <subfield code="s">2024-10-30</subfield>
    <subfield code="v">1895.00</subfield>
    <subfield code="w">2023-01-10</subfield>
    <subfield code="y">BK</subfield>
  </datafield>
</record>
